000 00339nam a2200145Ia 4500
005 20251222142031.0
008 251222s9999||||xx |||||||||||||| ||spa||
020 _a8472450899
082 _a394.15/O39
100 _aOkakura, Kakuzo
245 0 _aEl Libro del Té
250 _a1ra.ed.
264 _bEditorial Kairos, S.A.
942 _cLIB
999 _c10988
_d10988